Music Quiz

Random Music or Song Quiz

Monstercat: Random Nu Disco/Indie Dance Quiz Stats

 Plays Quiz not verified by Sporcle

Score 0/21 Timer 05:00
0 Plays Today
Artist Song % Correct
PYLOTFlashbacks
100%
PYLOTAfter Dark
100%
WRLD & Richard CaddockSee You
100%
WRLDChase It
100%
LVTHEROne Look
93.3%
7 Minutes DeadThe Divide
93.3%
RezonateCanvas
93.3%
WRLDLittle Too Close
93.3%
Insan3lik3We Are the Robots
93.3%
TelevisorDream Soda
93.3%
TelevisorOld Skool
93.3%
Artist Song % Correct
TelevisorNeon
86.7%
PYLOTBlurred Vision
86.7%
TelevisorFind that Someone
86.7%
Summer Was FunWatching
86.7%
WRLDStyle
86.7%
TelevisorAutomagic
86.7%
Insan3lik3Rescue Me
80%
TelevisorLife
80%
RundfunkTurn Around
80%
Astronaut (Give the Remixer)Rain (Centron Remix)
60%

You're not logged in!

Compare scores with friends on all Sporcle quizzes.
OR
Log In

Show Comments

Extras

Top Quizzes Today


Score Distribution

Your Account Isn't Verified!

In order to create a playlist on Sporcle, you need to verify the email address you used during registration. Go to your Sporcle Settings to finish the process.

Report this User

Report this user for behavior that violates our Community Guidelines.

Details: